000 00570nam a2200229Ia 4500
003 GCL
008 140319s9999 xx 000 0 eng d
040 _aGCL /
_cGCL
082 0 4 _a930.1
_bG I
100 1 _aGHOSH, H
245 1 0 _aINDIAN ARCHAEOLOGY 1960 - 1961 /
_cGHOSH, H
260 _a[S.N] :
_bARCHAEOLOGICAL SURVEY OF INDIAN ،
_c1961
300 _a115 P
650 0 4 _aCIVILIZATION
650 0 4 _aHISTORY
650 0 4 _aARCHITECTURE
650 0 4 _aARCHAEOLOGY
650 0 4 _aMONUMENTS
650 0 4 _aINDIAN
650 0 4 _aHISTORY, ANCIENT
942 _2ddc
_cBK
999 _c11903
_d11903